| 000 | 01244cad a22002535a 4500 | ||
|---|---|---|---|
| 001 | E147695 | ||
| 008 | 090605e20080625xxkb f s000 0 eng d | ||
| 035 | _a(Sirsi) u147695 | ||
| 041 | 0 | _aeng | |
| 050 | 0 | 4 | _a330.9 $2 20 |
| 100 | 1 | _aBerry, Kate | |
| 245 | 0 | 0 |
_aImpact of the credit crunch on the Scottish economy and the Scottish housing market _h[electronic resource] |
| 260 |
_aEdinburgh _bScottish Parliament _c2008 |
||
| 490 | 0 |
_aSPICe Briefing _v(08/36) 25 June 2008 |
|
| 505 | 2 | _aKey points -- Introduction -- Impact to date on the Scottish economy --Impact to date on the Scottish Housing market -- Prospects for the Scottish housing market and the Scottish economy -- Sources | |
| 520 | _aLooks at the reasons for the current credit crunch and examines its effect on the Scottish economy, especially the housing market. Discusses how these effects may play out over the next two years. | ||
| 521 | _aAdvanced | ||
| 590 | _aKA | ||
| 651 | 4 |
_aScotland _y1999- |
|
| 690 | _aPROPERTY-RESIDENTIAL PROPERTY-RESIDENTIAL PROPERTY MARKET | ||
| 700 | 1 | _aDewar, Jim | |
| 856 | 4 | 0 |
_uhttps://www.scottish.parliament.uk/business/research/subject/HouPla.htm _zView the briefing free of charge at www.scottish.parliament.uk... |
| 942 | _n0 | ||
| 999 |
_c109684 _d109684 |
||